<?xml version="1.0" encoding="UTF-8"?>
<record
    xmlns:xsi="http://www.w3.org/2001/XMLSchema-instance"
    xsi:schemaLocation="http://www.loc.gov/MARC21/slim http://www.loc.gov/standards/marcxml/schema/MARC21slim.xsd"
    xmlns="http://www.loc.gov/MARC21/slim">

  <leader>01712nam a22002057a 4500</leader>
  <controlfield tag="003">OSt</controlfield>
  <controlfield tag="005">20260415115148.0</controlfield>
  <controlfield tag="008">260415b        |||||||| |||| 00| 0 eng d</controlfield>
  <datafield tag="020" ind1=" " ind2=" ">
    <subfield code="a">9781471507878</subfield>
  </datafield>
  <datafield tag="082" ind1=" " ind2=" ">
    <subfield code="2">9781471507878</subfield>
    <subfield code="a">9781471507878</subfield>
    <subfield code="b">9781471507878</subfield>
  </datafield>
  <datafield tag="100" ind1=" " ind2=" ">
    <subfield code="a">Evans, Virginia </subfield>
  </datafield>
  <datafield tag="245" ind1=" " ind2=" ">
    <subfield code="a">Prime Time 5 American Edition Student Book &amp; Workbook </subfield>
  </datafield>
  <datafield tag="250" ind1=" " ind2=" ">
    <subfield code="a">2</subfield>
    <subfield code="b">2013</subfield>
  </datafield>
  <datafield tag="260" ind1=" " ind2=" ">
    <subfield code="a">E.E U.U</subfield>
    <subfield code="b"> Express Publishing UK Ltd</subfield>
    <subfield code="c">2014</subfield>
  </datafield>
  <datafield tag="300" ind1=" " ind2=" ">
    <subfield code="a">182 PAG</subfield>
    <subfield code="c"> 27,6 x 21,6 cm.</subfield>
  </datafield>
  <datafield tag="490" ind1=" " ind2=" ">
    <subfield code="3">TAPA BLANDA </subfield>
  </datafield>
  <datafield tag="520" ind1=" " ind2=" ">
    <subfield code="a">Prime Time es un curso modular de nivel secundario en ingl&#xE9;s americano. El curso combina el aprendizaje activo del ingl&#xE9;s americano con una variedad de temas din&#xE1;micos presentados en cinco m&#xF3;dulos tem&#xE1;ticos. Caracter&#xED;sticas clave: Un enfoque integrado para el desarrollo de las cuatro destrezas ling&#xFC;&#xED;sticas. Di&#xE1;logos estimulantes y realistas con personas en situaciones cotidianas. Presentaci&#xF3;n y pr&#xE1;ctica de vocabulario. Variedad de tareas de lectura y comprensi&#xF3;n auditiva. Presentaci&#xF3;n y pr&#xE1;ctica claras de estructuras gramaticales. Actividades que fomentan el pensamiento cr&#xED;tico y la investigaci&#xF3;n en la web. Secciones de escritura que contienen modelos y desarrollo de habilidades de escritura. Actividades realistas de trabajo en parejas y en grupo. Secciones de pronunciaci&#xF3;n e entonaci&#xF3;n. Consejos de estudio para ayudar a los estudiantes a convertirse en aprendices aut&#xF3;nomos. Rinc&#xF3;n cultural y secciones interdisciplinarias. Secciones de repaso y revisi&#xF3;n del idioma al final de cada m&#xF3;dulo. Una secci&#xF3;n de referencia gramatical. Pizarra interactiva (IWB). Software de libros electr&#xF3;nicos interactivos.</subfield>
  </datafield>
  <datafield tag="700" ind1=" " ind2=" ">
    <subfield code="a"> Dooley, Jenny</subfield>
  </datafield>
  <datafield tag="942" ind1=" " ind2=" ">
    <subfield code="2">ddc</subfield>
    <subfield code="c">BKA</subfield>
    <subfield code="n">0</subfield>
  </datafield>
  <datafield tag="952" ind1=" " ind2=" ">
    <subfield code="0">0</subfield>
    <subfield code="1">0</subfield>
    <subfield code="2">ddc</subfield>
    <subfield code="4">0</subfield>
    <subfield code="7">0</subfield>
    <subfield code="8">F02</subfield>
    <subfield code="a">ISUS</subfield>
    <subfield code="b">ISUS</subfield>
    <subfield code="c">Biblioteca Abierta</subfield>
    <subfield code="d">2026-04-15</subfield>
    <subfield code="e">IDIOMAS </subfield>
    <subfield code="f">0498</subfield>
    <subfield code="i">0498</subfield>
    <subfield code="l">0</subfield>
    <subfield code="o">INGLES </subfield>
    <subfield code="p">IDIOMA0498</subfield>
    <subfield code="r">2026-04-15 11:52:43</subfield>
    <subfield code="t">1</subfield>
    <subfield code="w">2026-04-15</subfield>
    <subfield code="y">BKA</subfield>
  </datafield>
  <datafield tag="999" ind1=" " ind2=" ">
    <subfield code="c">2074</subfield>
    <subfield code="d">2074</subfield>
  </datafield>
</record>
